Catálogo
 En Linea

La gente che perde Ierusalemme; : (Registro nro. 18605)

Detalles MARC
000 -CABECERA
campo de control de longitud fija 00720cam a22002171 4500
001 - NÚMERO DE CONTROL
campo de control 000019087
005 - FECHA Y HORA DE LA ÚLTIMA TRANSACCIÓN
campo de control 20200929165922.0
008 - DATOS DE LONGITUD FIJA--INFORMACIÓN GENERAL
campo de control de longitud fija 790130s1967 it 000 0 ita
040 ## - FUENTE DE LA CATALOGACIÓN
Centro catalogador/agencia de origen DO-SdBNP
Centro/agencia transcriptor MoSW
Centro/agencia modificador DLC
Lengua de catalogación BNPHU
082 ## - NÚMERO DE LA CLASIFICACIÓN DECIMAL DEWEY
Número de clasificación 915.6
Número de documento/Ítem P662g
049 ## - FONDOS LOCALES (OCLC)
Fondos de biblioteca BNGR
100 1# - ENTRADA PRINCIPAL--NOMBRE DE PERSONA
Nombre de persona Piovene, Guido,
Fechas asociadas al nombre 1907-1974.
9 (RLIN) 41070
245 13 - MENCIÓN DE TÍTULO
Título La gente che perde Ierusalemme; :
Resto del título cronache dal Medio Oriente /
Mención de responsabilidad, etc. Guido Piovene.
260 ## - PUBLICACIÓN, DISTRIBUCIÓN, ETC.
Lugar de publicación, distribución, etc. Milano :
Nombre del editor, distribuidor, etc. Arnoldo Mondadori,
Fecha de publicación, distribución, etc. 1967.
300 ## - DESCRIPCIÓN FÍSICA
Extensión 145 p. ;
Dimensiones 21 cm.
490 1# - MENCIÓN DE SERIE
Mención de serie La Scie
500 ## - NOTA GENERAL
Nota general Incluye referencia biográfica del autor en la contracubierta.
651 #4 - PUNTO DE ACCESO ADICIONAL DE MATERIA--NOMBRE GEOGRÁFICO
Nombre geográfico Medio Oeste
Subdivisión general Descripción Y Viajes
9 (RLIN) 41071
830 #0 - PUNTO DE ACCESO ADICIONAL DE SERIE-TÍTULO UNIFORME
Título uniforme La Scie
9 (RLIN) 41072
910 ## - DATOS DE OPCIÓN DEL USUARIO (OCLC)
Datos de opción del usuario Catalogación derivada / LC
Existencias
Estado de retiro Estado de pérdida Restricciones de uso No para préstamo Código de colección Localización permanente Ubicación/localización actual Ubicación en estantería Fecha de adquisición Número de inventario Total de préstamos Signatura topográfica completa Código de barras Fecha visto por última vez Precio válido a partir de Tipo de ítem Koha
      Excluido de préstamo Monografías: Libros y Folletos General General En catalogación 25.05.2010 LF1   915.6 P662g 19087-10 25.06.2020 25.06.2020 No se presta

Con tecnología Koha